00962nab a2200193 i 4500001001000000003001000010005001700020008004100037040003000078041000800108100001000116245006100126520038500187546002300572650000700595650002100602650001800623773012700641768714001CO-MdFUSB20240814124227.0240814t1923 cr ||||| |||| 00| 0 eng d bspacCO-MdFUSBdCO-MdFUSB aeng eautor 4aThe winds blew, and beat upon that house and it fell not aLuego de intensos temblores la construcción seguía en pie, demostrando que estaba destinado para la gloria de Dios, en la salvación de muchas almas. Hay buenas razones para tener esa confianza. Dios nos ha dado este edificio hasta ahora de una manera notable en respuesta a la oración; lo sacó triunfante de la gran prueba de veinticinco días de sacudidas sísmicas. aTexto en inglés. 7aFe 0aEvangelización 0aPredicación0 070761oR2742.0.tLatin America Missionw(CO-MdFUSB)768714001gVolumen 3, (número 7, 1924), páginas: 6 - 8qpágina: 6